Exhibitions and displays : (Record no. 353715)

000 -LEADER
fixed length control field 01371cam a22003497a 4500
001 - CONTROL NUMBER
control field 15964401
003 - CONTROL NUMBER IDENTIFIER
control field OSt
005 - DATE AND TIME OF LATEST TRANSACTION
control field 20180116192416.0
008 - FIXED-LENGTH DATA ELEMENTS--GENERAL INFORMATION
fixed length control field 091028s2009 sw a 000 0 eng d
010 ## - LIBRARY OF CONGRESS CONTROL NUMBER
LC control number 2009281868
020 ## - INTERNATIONAL STANDARD BOOK NUMBER
International Standard Book Number 9783764399559 (alk. paper)
020 ## - INTERNATIONAL STANDARD BOOK NUMBER
International Standard Book Number 3764399554 (alk. paper)
035 ## - SYSTEM CONTROL NUMBER
System control number (OCoLC)ocn310156667
040 ## - CATALOGING SOURCE
Original cataloging agency ERASA
Transcribing agency ERASA
Modifying agency BTCTA
-- YDXCP
-- OHX
-- VA@
-- BWX
-- YBM
-- DHT
-- DLC
042 ## - AUTHENTICATION CODE
Authentication code lccopycat
050 00 - LIBRARY OF CONGRESS CALL NUMBER
Classification number T396
Item number .E88 2009
082 04 - DEWEY DECIMAL CLASSIFICATION NUMBER
Classification number 069
082 00 - DEWEY DECIMAL CLASSIFICATION NUMBER
Classification number 659.1/52
Edition number 22
245 00 - TITLE STATEMENT
Title Exhibitions and displays :
Remainder of title museum design concepts, brand presentation, trade show design /
Statement of responsibility, etc. Christian Schittich (ed.).
246 30 - VARYING FORM OF TITLE
Title proper/short title Museum design concepts, brand presentation, trade show design
260 ## - PUBLICATION, DISTRIBUTION, ETC.
Place of publication, distribution, etc. Basel ;
-- Boston :
Name of publisher, distributor, etc. Birkhäuser,
Date of publication, distribution, etc. c2009.
300 ## - PHYSICAL DESCRIPTION
Extent 176 p. :
Other physical details ill. (some col.) ;
Dimensions 31 cm.
440 #0 - SERIES STATEMENT/ADDED ENTRY--TITLE
Title In detail
9 (RLIN) 6592
650 #0 - SUBJECT ADDED ENTRY--TOPICAL TERM
Topical term or geographic name entry element Trade shows
General subdivision Exhibition techniques.
9 (RLIN) 6593
650 #0 - SUBJECT ADDED ENTRY--TOPICAL TERM
Topical term or geographic name entry element Exhibit stands
General subdivision Design and construction.
9 (RLIN) 6594
650 #0 - SUBJECT ADDED ENTRY--TOPICAL TERM
Topical term or geographic name entry element Display of merchandise.
9 (RLIN) 6595
700 1# - ADDED ENTRY--PERSONAL NAME
Personal name Schittich, Christian.
9 (RLIN) 6596
906 ## - LOCAL DATA ELEMENT F, LDF (RLIN)
a 7
b cbc
c copycat
d 2
e ncip
f 20
g y-gencatlg
942 ## - ADDED ENTRY ELEMENTS (KOHA)
Source of classification or shelving scheme
Koha item type Book
Holdings
Withdrawn status Lost status Source of classification or shelving scheme Damaged status Not for loan Permanent Location Current Location Date acquired Total Checkouts Full call number Barcode Date last seen Date last checked out Copy number Cost, replacement price Price effective from Koha item type
          School of Art Design and Architecture (SADA) School of Art Design and Architecture (SADA) 06/18/2013 4 659.152 EXH 2009 SADA0002006 04/20/2016 03/22/2016 1 4696.40 07/08/2013 Book
© 2023 Central Library, National University of Sciences and Technology. All Rights Reserved.